000 00836nam a2200241 i 4500
001 190661
003 ES-MaACL
005 20240130103411.0
008 220419s2021 sp 000 f spa
020 _a978-84-18377-45-7
080 _a821.134.2-31"20"
100 1 _aFragoso, Juan Pedro (
_d1986-)
_9174393
245 1 4 _aLos ojos de Norba /
_cJuan Pedro Fragoso.
260 _a[A Coruña] :
_bMalas Artes,
_c[2021]
300 _a344 p., 1 h. de mapa ;
_c22 cm.
490 1 _aCiencias salvajes
830 1 _aCiencias salvajes
_9225926
852 4 _aES-MaACL
_jA-14934
_9197841
_bR.153245
_cDEPO1
_dOlim: N-7934
_g Dedicatoria autógrafa del autor
_hDonación: Juan Pedro Fragoso
903 _9174393
_aFragoso, Juan Pedro (
_d1986-)
_ednr
942 _2udc
_cMONOGRAFIA
999 _c190661
_d190661